000 00425nam a2200157 4500
001 144181
003 ES-MaACL
005 20230906200948.0
007 t|
008 070214s1927 gw r ||||1| spa d
100 1 _aSiemens, Werner von.
_9106228
245 1 0 _aMemorias de mi vida /
_cWerner von Siemens.
260 _aBerlin :
_bEditora Internacional,
_c1927.
300 _a240 p. ;
_c24 cm.
852 _aES-MaACL
_jG-14061
999 _c144181
_d144181